Internet & World Wide Web : (Record no. 12800)
[ view plain ]
| 000 -LEADER | |
|---|---|
| fixed length control field | 01520nac a22002651u 4500 |
| 008 - FIXED-LENGTH DATA ELEMENTS--GENERAL INFORMATION | |
| fixed length control field | 091015t xxu||||| |||| 00| 0 eng d |
| 020 ## - INTERNATIONAL STANDARD BOOK NUMBER | |
| International Standard Book Number | 0136035426 |
| 020 ## - INTERNATIONAL STANDARD BOOK NUMBER | |
| International Standard Book Number | 9780136035428 |
| 082 00 - DEWEY DECIMAL CLASSIFICATION NUMBER | |
| Classification number | 005.2768 |
| Item number | DEI |
| Edition number | 22 |
| 100 ## - MAIN ENTRY--PERSONAL NAME | |
| Personal name | Deitel, Paul J. |
| 9 (RLIN) | 8905 |
| 245 10 - TITLE STATEMENT | |
| Title | Internet & World Wide Web : |
| Remainder of title | How to Program / |
| Statement of responsibility, etc | P.J. Deitel, H.M. Deitel. |
| 246 3# - VARYING FORM OF TITLE | |
| Title proper/short title | Internet and World Wide Web, how to program |
| 250 ## - EDITION STATEMENT | |
| Edition statement | 4th ed. |
| Remainder of edition statement | Pearson International Edition |
| 260 ## - PUBLICATION, DISTRIBUTION, ETC. (IMPRINT) | |
| Place of publication, distribution, etc | Upper Saddle River, NJ : |
| Name of publisher, distributor, etc | Pearson Prentice Hall, |
| Date of publication, distribution, etc | c2009. |
| 300 ## - PHYSICAL DESCRIPTION | |
| Extent | xxxi, 1365p.: |
| Other physical details | col. ill.; |
| Dimensions | 23 cm. |
| 500 ## - GENERAL NOTE | |
| General note | Includes index. |
| 650 #0 - SUBJECT ADDED ENTRY--TOPICAL TERM | |
| Topical term or geographic name as entry element | Internet programming. |
| 9 (RLIN) | 8906 |
| 650 #0 - SUBJECT ADDED ENTRY--TOPICAL TERM | |
| Topical term or geographic name as entry element | World Wide Web. |
| 9 (RLIN) | 8907 |
| 700 1# - ADDED ENTRY--PERSONAL NAME | |
| Personal name | Deitel, Harvey M., |
| Dates associated with a name | 1945- |
| 9 (RLIN) | 8908 |
| 942 ## - ADDED ENTRY ELEMENTS (KOHA) | |
| Item type | Book - Borrowing |
| Call number prefix | 005.2768DEI |
| Source of classification or shelving scheme | Dewey Decimal Classification |
| Withdrawn status | Item status | Source of classification or shelving scheme | Damaged status | Not for loan | Vendor | Home library | Current library | Shelving location | Date acquired | Source of acquisition | Total Checkouts | Total Renewals | Full call number | Barcode | Date last seen | Date last borrowed | Koha item type |
|---|---|---|---|---|---|---|---|---|---|---|---|---|---|---|---|---|---|
| Dewey Decimal Classification | Baccah | Central Library | Central Library | Lower Floor | 15/10/2009 | 6 | 45 | 005.2768 DEI | 000018068 | 15/07/2025 | 04/10/2015 | Book - Borrowing | |||||
| Dewey Decimal Classification | Baccah | Central Library | Central Library | Lower Floor | 15/10/2009 | 2 | 005.2768 DEI | 000018067 | 15/07/2025 | 21/01/2010 | NB - Book (Non borrowing) | ||||||
| Dewey Decimal Classification | Baccah | Central Library | Central Library | Lower Floor | 06/12/2009 | 5 | 37 | 005.2768 DEI | 000018780 | 15/07/2025 | 10/03/2014 | Book - Borrowing | |||||
| Dewey Decimal Classification | Central Library | Central Library | Lower Floor | 10/12/2009 | 6 | 29 | 005.2768 DEI | 000018940 | 15/07/2025 | 18/05/2015 | Book - Borrowing |